000 01788nam a2200325 i 4500
001 148186
003 ES-MaACL
005 20250724024015.0
007 t|
008 070214s1983 fr |||| | fre d
080 _a17(37/38)(082.2)
245 0 4 _aLes stoïciens /
_ctextes traduits par Émile Bréhier ; édités sous la direction de Pierre-Maxime Schuhl.
260 _aParis :
_bGallimard,
_c1983.
300 _aLXVI, 1438 p. ;
_c18 cm.
490 1 _aBibliothèque de la Pléiade ;
_v156
505 8 _aContiene: ;
_tL'humne áa Zeus /
_rCléanthe. --
_tVies et opinions des philosophes /
_rDiogéne Laërce. --
_tDes contradictions des stoïciens. Des notions communes contre les stoïciens /
_rPlutarque ; Premiers académiques (Livre II). Des fins des biens et des maux (Livre III). Les tusculanes (Livre II, chapitres XII et XIII, Livre III áa partir du chapitre IV, Libres IV et V). De la nature des Dieux. Traité du destin. Traité des devoirs (Livres I, II, III) /
_rCicéron ; De la constance du sage. De la tranquilité de l'âme. De la brièveté de la vie. De la vie heureuse. De la providence. Lettres áa Lucilius (71 áa 74) /
_rSénèque ; Entretiens (Livres I áa IV). --
_tManuel /
_rEpictète. --
_tPensées /
_rMarc Aurèle
650 0 4 _aEstoicos.
_912556
700 1 _aBréhier, Émile.
_9148586
700 1 _aSchuhl, Pierre-Maxime.
_9104751
700 1 _aCleanto.
_939155
700 0 _aDiógenes Laercio.
_944848
700 0 _aPlutarco
_992678
700 1 _aCicerón, Marco Tulio.
_938748
700 1 _aSéneca, Lucio Anneo.
_9105451
700 1 _aEpicteto.
_947322
700 0 _aMarco Aurelio,
_cEmperador de Roma.
_9184417
830 0 _aBibliothèque de la Pléiade ;
_v156
_9180233
852 _aES-MaACL
_jL-11084
999 _c148186
_d148186